000
00328nam a2200133Ia 4500
005
20251222155119.0
008
251222s9999||||xx |||||||||||||| ||spa||
082
_a
MEQ.159
100
_a
ESPINAS BOQUET, Jordi.
245
0
_a
Guía de Actuación en Atención Primaria
250
_a
1ra. ed.
264
_b
Sem Eyc
942
_c
LIB
999
_c
38373
_d
38373